| 000 | 00532nam a22001697a 4500 | ||
|---|---|---|---|
| 003 | OSt | ||
| 005 | 20260209092352.0 | ||
| 008 | 260209b |||||||| |||| 00| 0 eng d | ||
| 020 | _a0789441756 | ||
| 040 | _cDK PUBLISHING ,INC | ||
| 050 |
_aQB 64 .S756 1999 _b.S756 1999 |
||
| 245 |
_aTHE NEW ASTRONOMER/ _cStott, Carole |
||
| 250 | _a1st edition | ||
| 260 |
_aNewYork: _bDK PUBLISHING,INC, _c1999. |
||
| 300 |
_a141 pages, _bHardcover, ill.:col, includes bibliographic references and index.; _c28.3 cm. |
||
| 942 |
_2lcc _cBK _e1st ed. _n0 |
||
| 999 |
_c9948 _d9948 |
||